Central Library OPAC University of Rajshahi

Superconductivity / (Record no. 9023)

MARC details
000 -LEADER
fixed length control field 00932cam a22002891 4500
001 - CONTROL NUMBER
control field 9023
003 - CONTROL NUMBER IDENTIFIER
rucl marc code BD-RjUL
005 - DATE AND TIME OF LATEST TRANSACTION
control field 20211208234712.0
008 - FIXED-LENGTH DATA ELEMENTS--GENERAL INFORMATION
fixed length control field 140120r19621938enkd 000 0 eng
035 ## - SYSTEM CONTROL NUMBER
System control number (BD-RjUL) 9068
System control number (OCoLC)1878725
040 ## - CATALOGING SOURCE
Original cataloging agency DLC
Transcribing agency FMU
Modifying agency OCoLC
-- DLC
Language of cataloging eng
041 ## - LANGUAGE CODE
Language code of text/sound track or separate title eng
082 ## - DEWEY DECIMAL CLASSIFICATION NUMBER
Classification number 537.22
Author mark and year SHS 1962
100 1# - MAIN ENTRY--PERSONAL NAME
Personal name Shoenberg, D.
Fuller form of name (David)
9 (RLIN) 28010
245 00 - TITLE STATEMENT
Title Superconductivity /
Statement of responsibility, etc. by D. Shoenberg.
260 ## - PUBLICATION, DISTRIBUTION, ETC. (IMPRINT)
Place of publication, distribution, etc. Cambridge [Eng.] :
Name of publisher, distributor, etc. The University press,
Date of publication, distribution, etc. 1938 [reprinted 1962].
300 ## - PHYSICAL DESCRIPTION
Pagination x, 258 p. :
Illustrations diagrs. ;
Size 22cm.
500 ## - GENERAL NOTE
General note Includes "References."
650 #0 - SUBJECT ADDED ENTRY--TOPICAL TERM
Topical term or geographic name as entry element Electric conductivity.
9 (RLIN) 28012
Topical term or geographic name as entry element Low temperature research.
9 (RLIN) 28013
Topical term or geographic name as entry element Electromagnetic theory.
9 (RLIN) 26902
942 ## - ADDED ENTRY ELEMENTS (KOHA)
Source of classification or shelving scheme Dewey Decimal Classification
Koha item type Books
Holdings
Lost status Source of classification or shelving scheme Damaged status Not for loan Collection code Permanent Location Current Location Shelving location Date acquired Source of acquisition Cost, normal purchase price Total Checkouts Full call number Date last seen Copy number Koha item type
  Dewey Decimal Classification     Non-fiction Central Library, University of Rajshahi Central Library, University of Rajshahi   14/07/1964 Zeitlinger 35.00   537.22 SHS 1962 20/01/2014 C-3 Books
  Dewey Decimal Classification     Non-fiction Central Library, University of Rajshahi Central Library, University of Rajshahi   09/05/1964 Zeitlinger 35.00   537.22 SHS 1962 03/11/2016 C-2 Books